History Quiz

Random History or Biography Quiz

Profile: John F. Kennedy Quiz Stats

 Plays Quiz Updated Feb 29, 2012

Also try: Kennedy Kids
Challenge
Share
Tweet
Embed
Score 0/26 Timer 04:00
1 Play Today
Hint Answer % Correct
Political PartyDemocratic Party
93.4%
Sons (name one)John and Patrick
93.2%
Year Died1963
92.3%
ReligionRoman Catholic
92%
Succeeded by Lyndon B. Johnson
90.5%
Middle NameFitzgerald
89.4%
City DiedDallas, Texas
87.4%
SpouseJacqueline Lee Bouvier
84.7%
Branch of Military ServiceU.S. Navy
83.9%
Assassinated ByLee Harvey Oswald
81.9%
Preceded byDwight D. Eisenhower
79.8%
Candidate he defeated for presidencyRichard M. Nixon
78.3%
Failed attempt to overthrow the Castro regimeBay of Pigs
78.1%
Hint Answer % Correct
CollegeHarvard University
76.6%
State BornMassachusetts
75.2%
Place of BurialArlington National Cemetery
73.2%
Year Born1917
66.4%
Attorney GeneralRobert Kennedy
60%
Daughters (name one)Caroline and Arabella
58.2%
Famous phrase from his West Berlin SpeechIch bin ein Berliner
44.1%
Parents' NamesJoseph and Rose
38%
Boat commanded by JFK in WWIIMotor Torpedo Boat PT-109
33.6%
Secretary of DefenseRobert McNamara
31.9%
Zodiac SignGemini
30.7%
His 1955 Pulitzer Prize-winning biographyProfiles in Courage
29.8%
Supreme Court Appointments (name one)Byron Raymond White and Arthur Joseph Goldberg
10%

You're not logged in!

Compare scores with friends on all Sporcle quizzes.
OR
Log In

You Might Also Like...

Show Comments

Extras

Top Quizzes Today


Score Distribution

Your Account Isn't Verified!

In order to create a playlist on Sporcle, you need to verify the email address you used during registration. Go to your Sporcle Settings to finish the process.

Report this User

Report this user for behavior that violates our Community Guidelines.

Details: